000 00337 a2200145 4500
001 179586
020 _a
040 _cMagnum
100 _aAndrade, Euclides Marques
240 1 0 _aUns empurram outros soltam
_lpor
245 1 0 _aUns empurram outros soltam
362 0 _a1899
697 _aMAGNITO: IJ/SOCIEDADE COTIDIAN
942 _cBK
999 _c179586
_d179586